000 00591nam a2200241 a 4500
001 nice12345678
003 IN_TiNIC
005 20260116011851.0
008 050524s1981 hyda grp 000 0 urd
020 _a
_c15
082 0 0 _a891.4391
_bRAA
100 _aRaazi, Mohd Fakhruddin
245 _aTajalliyat-E-Haram
260 _aHyderabad
_bVilla Academy
_c1981
300 _a108p
500 _aincludes index and biblioraphy
505 2 _aAppendix, bibliography
650 _aUrdu-Poetry
700 1 _aRaazi, Mohd Fakhruddin
902 _bSRS
942 _cBK
999 _c4569
_d4569